Filozof a politik T.G. Masaryk (1882-1893) / Jaroslav Opat
Record details
- Physical Description: 18 s. ; 21 cm
- Publisher: Praha : [s.n.], 1990
Content descriptions
| General Note: | Disertace byla vypracována v letech 1978-1987 zcela nezávisle na tehdejších oficiálních institucích, v konfrontaci s ideologickými a politickými záměry tehdejší totalitní moci. Obhajoba dne: 19901211 |
| Dissertation Note: | ČVO: 71-02-9 |
Search for related items by subject
| Genre: | autoreferáty |
Available copies
- 1 of 1 copy available at Common Catalog SPOK.
Holds
- 0 current holds with 1 total copy.
Other Formats and Editions
Show Only Available Copies
| Location | Call Number / Copy Notes | Barcode | Shelving Location | Status | Due Date |
|---|---|---|---|---|---|
| VERITAS Library | V 10a-15 | 4637600113 | Stacks | Reshelving | - |
| LDR | 01064nam a2200277 4500 | ||
|---|---|---|---|
| 001 | 57691 | ||
| 003 | CZ-PrJAB | ||
| 005 | 20060515143617.0 | ||
| 007 | ta | ||
| 008 | 900519s1990 xr a |0|0 0 cze | ||
| 020 | . | ‡q(Brož.) | |
| 035 | . | ‡a(CZ PrSKC)dis05927 | |
| 035 | . | ‡a(OCoLC)85575231 | |
| 040 | . | ‡aABA001 ‡bcze ‡dABA001 | |
| 080 | . | ‡a943.7 | |
| 100 | 1 | . | ‡aOpat, Jaroslav, ‡d1924-2015 ‡7jk01091156 ‡4aut |
| 245 | 1 | 0. | ‡aFilozof a politik T.G. Masaryk (1882-1893) / ‡cJaroslav Opat |
| 260 | . | ‡aPraha : ‡b[s.n.], ‡c1990 | |
| 300 | . | ‡a18 s. ; ‡c21 cm | |
| 500 | . | ‡aDisertace byla vypracována v letech 1978-1987 zcela nezávisle na tehdejších oficiálních institucích, v konfrontaci s ideologickými a politickými záměry tehdejší totalitní moci. | |
| 500 | . | ‡aObhajoba dne: 19901211 | |
| 502 | . | ‡aČVO: 71-02-9 | |
| 653 | 0 | . | ‡a1882-1893 ‡aTomáš Garrigue Masaryk ‡aČeskoslovenské dějiny |
| 655 | 7. | ‡aautoreferáty ‡7fd131857 ‡2czenas | |
| 710 | 2 | . | ‡aČeskoslovenská akademie věd ‡7ko20010087906 |
| 910 | . | ‡aJIE803 | |
| 999 | . | ‡aska | |
| 901 | . | ‡a57691 ‡bAUTOGEN ‡c57691 ‡tbiblio | |